00982nam a22002417a 450000500170000000800410001702000180005804000270007604100080010304400070011108200180011810000380013624502030017426000620037730000470043965000390048665000230052565000260054865000240057465000390059871000580063785600450069520200104041806.0191114b xxu||||| |||| 00| 0 spa d a9789588188928 aCO-BoIAVH cCO-BoIAVH  aspa ack a577.076bD33o aDíaz Rodríguez, Ludy Stefanny aOrientaciones para la inclusión del cambio climático en los planes de ordenamiento territorial (POT, PBOT, EOT).bPropuesta Metodológica, para los entes territoriales de la jurisdicción CAR. aBogotá D.C.:bGrupo de cambio Climático DGOAT,c2018. a43 Páginas:bilustraciones,c22 x 20 cm. 0aAdaptación al cambio climático 0aCambio climático 0aDesarrollo sostenible 0agestión municipal 0aOrdenamiento ambiental territorial aCorporación Autónoma Regional de Cundinamarca CAR uhttp://hdl.handle.net/20.500.11786/36164